000 00748nam a22002297a 4500
001 13843
003 BD-JhCC
005 20240423080928.0
008 180206s2022 b |||| ||a| 000 0 b d
020 _a9789848927984
035 _a(BD-JhCC)13843
040 _aBD-JhCC
_dBD-JhCC
041 _abengali
082 _a297
_bRAS 2022
100 _aরশিদ, ড. মোহাম্মদ হারুন অর
245 _aযে অদৃশ্য ভয় আমাকে তাড়া করে /
_c ড. মোহাম্মদ হারুন অর রশিদ ।
260 _aঢাকা :
_bসবুজপত্র,
_c2022.
300 _a182 p. :
_c22 cm.
650 _aIslamic Ideal
942 _2ddc
_cBK
999 _c13843
_d13843